00528nam a2200181Ia 4500008004100000020001800041082001600059100002300075245003000098250000600128260003600134300001700170500002400187650001500211942000700226952009600233999001700329230524s9999 xx 000 0 und d a9789382740520 a342.54bACH aN K Acharya943631 4aThe Constitution of INDIA a8 aHyderabadbAsia law housec2017 a"xlix,460p;" aQuantity Number: 1 aLAW943632 cBK 00104070aTATCLbTATCLcGENd2023-05-24l0o342.54 ACHp56746r2023-05-24w2023-05-24yBK c59299d59299